A heveny gastroduodenalis fekélyekről és eróziókról
Elmentve itt :
| Szerző: | |
|---|---|
| Dokumentumtípus: | Cikk |
| Megjelent: |
1980
|
| Sorozat: | Kolligátum
|
| Kulcsszavak: | Gyomor- és bélbetegségek, Gyomorfekély |
| Online Access: | http://misc.bibl.u-szeged.hu/26552 |
| LEADER | 00578nab a2200169 i 4500 | ||
|---|---|---|---|
| 001 | misc26552 | ||
| 005 | 20191108145853.0 | ||
| 008 | 170913s1980 hu o 0|| zxx d | ||
| 040 | |a SZTE Miscellanea Repozitórium |b hun | ||
| 041 | |a zxx | ||
| 100 | 1 | |a Iványi Béla | |
| 245 | 1 | 2 | |a A heveny gastroduodenalis fekélyekről és eróziókról |h [elektronikus dokumentum] / |c Iványi Béla |
| 260 | |c 1980 | ||
| 300 | |a 224-232 | ||
| 490 | 0 | |a Kolligátum | |
| 695 | |a Gyomor- és bélbetegségek, Gyomorfekély | ||
| 856 | 4 | 0 | |u http://misc.bibl.u-szeged.hu/26552/1/019_008_224-232.pdf |z Dokumentum-elérés |